| 000 | 00233 a2200097 4500 | ||
|---|---|---|---|
| 999 |
_c252561 _d252561 |
||
| 001 | 17488 | ||
| 003 | NUST | ||
| 005 | 20180118193544.0 | ||
| 008 | 180118b xxu||||| |||| 00| 0 eng d | ||
| 082 | _a600 | ||
| 100 |
_aKrar S.F _98997 |
||
| 245 | _aTechnology of machine tools, 1st Ed | ||
| 260 |
_aNew York _bMcGraw-Hill |
||
| 942 |
_aNUST-CAE _cBK _cBK _2ddc |
||